[Event "Novi Sad Serbia op-A"]
[Site "Novi Sad"]
[Date "2022.07.03"]
[Round "6"]
[White "Harshita, Guddanti"]
[Black "Sertbay, Huseyin"]
[Result "1-0"]
[WhiteElo "2230"]
[BlackElo "2040"]
[PlyCount "71"]
[EventDate "2022.06.28"]
[EventType "swiss"]
[EventRounds "9"]
[EventCountry "SRB"]
[SourceTitle "EXT 2023"]
[Source "ChessBase"]
[SourceDate "2022.10.05"]
[SourceVersion "1"]
[SourceVersionDate "2022.10.05"]
[SourceQuality "1"]

1. e4 c5 2. Nf3 Nc6 3. d4 cxd4 4. Nxd4 g6 5. Nc3 Bg7 6. Be3 Nf6 7. Bc4 Qa5 8. 0-0 0-0 9. Bb3 d6 10. f3 Bd7 11. Qd2 Rfc8 12. Rad1 Ne5 13. Bh6 Nc4 14. Bxc4 Rxc4 15. Nd5 Qd8 16. Bxg7 Kxg7 17. Nxf6 exf6 18. c3 Qb6 19. Kh1 Rd8 20. b3 Rc5 21. c4 Be6 22. Ne2 Rd7 23. Nc3 Rh5 24. Qd4 Qc5 25. Nb5 Qg5 26. Qg1 a6 27. Nxd6 Qe5 28. f4 Qa5 29. f5 Qe5 30. c5 gxf5 31. exf5 Bxf5 32. Rfe1 Qf4 33. Rd4 Qg5 34. Red1 Kf8 35. g4 Rxd6 36. cxd6 1-0

[Event "Novi Sad Serbia op-A"]
[Site "Novi Sad"]
[Date "2022.07.02"]
[Round "5"]
[White "Drnovsek, Gal"]
[Black "Harshita, Guddanti"]
[Result "1-0"]
[WhiteElo "2393"]
[BlackElo "2230"]
[PlyCount "97"]
[EventDate "2022.06.28"]
[EventType "swiss"]
[EventRounds "9"]
[EventCountry "SRB"]
[SourceTitle "EXT 2023"]
[Source "ChessBase"]
[SourceDate "2022.10.05"]
[SourceVersion "1"]
[SourceVersionDate "2022.10.05"]
[SourceQuality "1"]

1. c4 e5 2. g3 Nc6 3. Bg2 f5 4. Nc3 Nf6 5. e3 Bb4 6. Nge2 0-0 7. 0-0 d6 8. Nd5 Kh8 9. d4 Ba5 10. Qa4 Bb6 11. Nxb6 cxb6 12. b4 Qe8 13. b5 Nd8 14. Ba3 Nf7 15. dxe5 Qxe5 16. Rad1 Ne4 17. Qc2 a6 18. Bb2 Qe8 19. Nc3 axb5 20. cxb5 Ne5 21. a4 Qh5 22. Nxe4 fxe4 23. Bxe5 Qxe5 24. Bxe4 Bh3 25. Bg2 Rfc8 26. Qd3 Bxg2 27. Kxg2 Rxa4 28. Qxd6 Qxb5 29. Qd8+ Qe8 30. Qxe8+ Rxe8 31. Rd2 Rb4 32. Rc1 h6 33. Rc7 Rf8 34. Rxb7 b5 35. h4 Rb1 36. Rdd7 Rb2 37. Rxg7 Rfxf2+ 38. Kh3 Rb3 39. Rh7+ Kg8 40. Rxh6 Rf3 41. Rc6 Rf7 42. Rcb6 b4 43. Kg4 Rf8 44. Rxb4 Rxe3 45. Rb8 Rxb8 46. Rxb8+ Kg7 47. Rb5 Re7 48. Kg5 Rc7 49. g4 1-0

[Event "Novi Sad Serbia op-A"]
[Site "Novi Sad"]
[Date "2022.07.01"]
[Round "4"]
[White "Harshita, Guddanti"]
[Black "Mota, Pankit"]
[Result "1-0"]
[WhiteElo "2230"]
[BlackElo "2007"]
[PlyCount "70"]
[EventDate "2022.06.28"]
[EventType "swiss"]
[EventRounds "9"]
[EventCountry "SRB"]
[SourceTitle "EXT 2023"]
[Source "ChessBase"]
[SourceDate "2022.10.05"]
[SourceVersion "1"]
[SourceVersionDate "2022.10.05"]
[SourceQuality "1"]

1. e4 d5 2. exd5 Nf6 3. d4 Bg4 4. Be2 Bxe2 5. Qxe2 Qxd5 6. Nf3 e6 7. 0-0 Nc6 8. Rd1 Bd6 9. Nc3 Qh5 10. d5 Ne5 11. Nxe5 Qxe5 12. Qxe5 Bxe5 13. dxe6 fxe6 14. Na4 Bd6 15. c4 0-0-0 16. g3 Rhf8 17. Be3 a6 18. Re1 Ng4 19. Bg5 Rde8 20. c5 Be7 21. Bxe7 Rxe7 22. Re2 Rf5 23. Rae1 Kd7 24. b4 Rf3 25. h3 Nf6 26. Nb2 Rc3 27. Rd2+ Kc6 28. Nd3 Nd5 29. a4 Kd7 30. b5 Ra3 31. c6+ bxc6 32. bxc6+ Kd8 33. Ne5 Kc8 34. Rd4 a5 35. Rg4 Nb6 1-0

[Event "Lancenigo op"]
[Site "Lancenigo"]
[Date "2022.06.24"]
[Round "6"]
[White "Harshita, Guddanti"]
[Black "Brotto, Alessandro"]
[Result "1/2-1/2"]
[WhiteElo "2230"]
[BlackElo "2003"]
[PlyCount "93"]
[EventDate "2022.06.20"]
[EventType "swiss"]
[EventRounds "9"]
[EventCountry "ITA"]
[SourceTitle "EXT 2023"]
[Source "ChessBase"]
[SourceDate "2022.10.05"]
[SourceVersion "1"]
[SourceVersionDate "2022.10.05"]
[SourceQuality "1"]

1. e4 e6 2. d4 d5 3. Nc3 Nf6 4. Bg5 h6 5. Bxf6 Qxf6 6. exd5 Bb4 7. dxe6 Bxe6 8. Nf3 0-0 9. Bd3 c5 10. 0-0 Bxc3 11. bxc3 Nc6 12. Be4 Rad8 13. Bxc6 bxc6 14. Ne5 Rd6 15. Qe2 cxd4 16. cxd4 Rxd4 17. Nxc6 Bc4 18. Qf3 Rf4 19. Ne7+ Kh8 20. Qa3 Bxf1 21. Rxf1 Rd8 22. Qc5 Qd4 23. Qh5 Re8 24. g3 Rxe7 25. gxf4 Qxf4 26. Qd5 Re5 27. Qd8+ Kh7 28. Qd3+ g6 29. h3 Qa4 30. f4 Rf5 31. a3 Qc6 32. c4 Rc5 33. Rc1 Qf6 34. Qe3 Qc6 35. Qd3 Qb6 36. Kh1 Qc7 37. Qe4 Rf5 38. Rf1 Rc5 39. Rc1 Rf5 40. Rf1 Rc5 41. Rc1 Qd7 42. Qe3 Qc6+ 43. Kh2 Rxc4 44. Qxa7 Rxc1 45. Qxf7+ Kh8 46. Qf8+ Kh7 47. Qf7+ 1/2-1/2

[Event "Forni di Sopra op 13th"]
[Site "Forni di Sopra"]
[Date "2022.06.14"]
[Round "4"]
[White "Ceres, Dragos"]
[Black "Harshita, Guddanti"]
[Result "1-0"]
[WhiteElo "2380"]
[BlackElo "2230"]
[PlyCount "87"]
[EventDate "2022.06.12"]
[EventType "swiss"]
[EventRounds "9"]
[EventCountry "ITA"]
[SourceTitle "EXT 2023"]
[Source "ChessBase"]
[SourceDate "2022.10.05"]
[SourceVersion "1"]
[SourceVersionDate "2022.10.05"]
[SourceQuality "1"]

1. e4 e5 2. Nf3 Nc6 3. Bc4 Bc5 4. c3 Nf6 5. d3 d6 6. 0-0 0-0 7. h3 Bb6 8. a4 a5 9. Re1 Ne7 10. Nbd2 Ng6 11. Bb3 c6 12. d4 Bc7 13. Nf1 h6 14. Ng3 Re8 15. Bc2 Be6 16. Be3 Qc8 17. Qd2 Qd7 18. Rad1 Rad8 19. Qc1 Qe7 20. b3 Qf8 21. c4 Bc8 22. Qb2 b6 23. d5 c5 24. Nf5 Bxf5 25. exf5 e4 26. fxg6 exf3 27. Bxh6 fxg6 28. Bg5 Rxe1+ 29. Rxe1 Re8 30. Qb1 Qf7 31. Rxe8+ Qxe8 32. gxf3 Qe5 33. f4 Qc3 34. Kg2 Nh7 35. Bxg6 Nxg5 36. fxg5 Qe5 37. Qf5 Qxf5 38. Bxf5 Bd8 39. h4 Kf7 40. Kg3 Be7 41. Kg4 Bf8 42. Be6+ Ke7 43. Kf5 Ke8 44. Ke4 1-0

[Event "Cattolica op-A"]
[Site "Cattolica"]
[Date "2022.06.06"]
[Round "3"]
[White "Harshita, Guddanti"]
[Black "Safarli, Eltaj"]
[Result "0-1"]
[WhiteElo "2230"]
[BlackElo "2601"]
[PlyCount "48"]
[EventDate "2022.06.04"]
[EventType "swiss"]
[EventRounds "9"]
[EventCountry "ITA"]
[SourceTitle "EXT 2023"]
[Source "ChessBase"]
[SourceDate "2022.10.05"]
[SourceVersion "1"]
[SourceVersionDate "2022.10.05"]
[SourceQuality "1"]

1. e4 e5 2. Nf3 Nc6 3. Bb5 Nd4 4. Bc4 Nxf3+ 5. Qxf3 Nf6 6. d4 exd4 7. e5 d5 8. exf6 dxc4 9. Bg5 Qd6 10. 0-0 Qc6 11. Qf4 Be6 12. Qxd4 Bc5 13. Qc3 g6 14. Rd1 0-0 15. Qg3 Bf5 16. Nd2 Bxc2 17. Rdc1 Bd3 18. Nxc4 Bxc4 19. Qh4 Rfe8 20. Rxc4 Qd5 21. Rf1 Re2 22. b3 Rae8 23. Rf4 Re1 24. Qg4 Rxf1+ 0-1

[Event "Cattolica d'Estate op-A 2nd"]
[Site "Cattolica"]
[Date "2022.06.03"]
[Round "8"]
[White "Harshita, Guddanti"]
[Black "Franciosi, Fausto"]
[Result "1/2-1/2"]
[WhiteElo "2208"]
[BlackElo "2204"]
[PlyCount "32"]
[EventDate "2022.05.30"]
[EventType "swiss"]
[EventRounds "9"]
[EventCountry "ITA"]
[SourceTitle "EXT 2023"]
[Source "ChessBase"]
[SourceDate "2022.10.05"]
[SourceVersion "1"]
[SourceVersionDate "2022.10.05"]
[SourceQuality "1"]

1. e4 d6 2. d4 Nf6 3. Nc3 e5 4. Nf3 Nbd7 5. Bc4 Be7 6. 0-0 0-0 7. Re1 c6 8. a4 b6 9. Ba2 a6 10. h3 Bb7 11. Bg5 Re8 12. Qd2 Qc7 13. Bh4 h6 14. Bg3 b5 15. Rad1 Rad8 16. axb5 axb5 1/2-1/2

[Event "Cattolica Grandiscacchi op 2nd"]
[Site "Cattolica"]
[Date "2022.05.23"]
[Round "3"]
[White "Harshita, Guddanti"]
[Black "Esipenko, Andrey"]
[Result "0-1"]
[WhiteElo "2208"]
[BlackElo "2709"]
[PlyCount "102"]
[EventDate "2022.05.21"]
[EventType "swiss"]
[EventRounds "9"]
[EventCountry "ITA"]
[SourceTitle "CBM 208 Extra"]
[Source "ChessBase"]
[SourceDate "2022.07.31"]
[SourceVersion "1"]
[SourceVersionDate "2022.07.31"]
[SourceQuality "1"]

1. e4 e5 2. Nf3 Nc6 3. Bb5 a6 4. Ba4 Nf6 5. 0-0 Be7 6. d3 b5 7. Bb3 d6 8. a4 Bd7 9. c3 0-0 10. Re1 Na5 11. Bc2 c5 12. Nbd2 h6 13. Nf1 Re8 14. Ng3 Bf8 15. h3 Qc7 16. Nh4 g6 17. Qf3 Nh7 18. Nf1 Be6 19. Qg3 Kh8 20. Ne3 Nb3 21. Ra3 Nxc1 22. Rxc1 Nf6 23. Bd1 c4 24. Qf3 Nd7 25. Rca1 Rab8 26. axb5 axb5 27. d4 exd4 28. cxd4 Qd8 29. g3 Qf6 30. Ra7 Qxf3 31. Bxf3 Nb6 32. Bg4 Kg8 33. Rc7 Na4 34. Bxe6 Rxe6 35. Nxc4 Rxe4 36. Na5 Rbe8 37. b3 Re1+ 38. Rxe1 Rxe1+ 39. Kg2 Nb2 40. Nf3 Ra1 41. Nc6 Nd3 42. Nd8 Ra2 43. Rxf7 Rxf2+ 44. Kg1 b4 45. d5 Bg7 46. h4 Bb2 47. g4 Bc1 48. h5 Be3 49. Kh1 Nf4 50. Nh4 Rf1+ 51. Kh2 Bg1+ 0-1

[Event "Novi Sad TS Mix 227th"]
[Site "Novi Sad"]
[Date "2021.12.04"]
[Round "7"]
[White "Naumkin, Igor"]
[Black "Harshita, Guddanti"]
[Result "1-0"]
[WhiteElo "2211"]
[BlackElo "2172"]
[PlyCount "79"]
[EventDate "2021.11.30"]
[EventType "swiss"]
[EventRounds "9"]
[EventCountry "SRB"]
[SourceTitle "EXT 2023"]
[Source "ChessBase"]
[SourceDate "2022.10.05"]
[SourceVersion "1"]
[SourceVersionDate "2022.10.05"]
[SourceQuality "1"]

1. d4 Nf6 2. c4 e6 3. Nf3 Bb4+ 4. Nbd2 b6 5. g3 Bb7 6. Bg2 c5 7. dxc5 Bxc5 8. 0-0 0-0 9. a3 Be7 10. Qc2 d6 11. b3 Nbd7 12. Bb2 Rc8 13. Rad1 Rc7 14. Qb1 Qa8 15. Bh3 Ne4 16. Qa1 Nxd2 17. Rxd2 Nf6 18. Bg2 d5 19. cxd5 Bxd5 20. Be5 Rcc8 21. Qb2 Rfd8 22. Rfd1 Ne4 23. Rd3 Nc5 24. Bxg7 Nxd3 25. Rxd3 Be4 26. Rxd8+ Rxd8 27. h4 Rd1+ 28. Kh2 Qd5 29. Bh8 Bf8 30. b4 h6 31. Bf6 Qf5 32. Qc3 Bd5 33. Be5 Qe4 34. Qc8 Bc4 35. Bf4 Qd5 36. Ne5 Qd4 37. Qc7 Bg7 38. Qxf7+ Kh7 39. Bxh6 Qxe5 40. Be4+ 1-0

[Event "Novi Sad TS Mix 227th"]
[Site "Novi Sad"]
[Date "2021.12.03"]
[Round "6"]
[White "Harshita, Guddanti"]
[Black "Efremov, Vladislav"]
[Result "1/2-1/2"]
[WhiteElo "2172"]
[BlackElo "2273"]
[PlyCount "48"]
[EventDate "2021.11.30"]
[EventType "swiss"]
[EventRounds "9"]
[EventCountry "SRB"]
[SourceTitle "EXT 2023"]
[Source "ChessBase"]
[SourceDate "2022.10.05"]
[SourceVersion "1"]
[SourceVersionDate "2022.10.05"]
[SourceQuality "1"]

1. e4 e5 2. Nf3 Nc6 3. Bb5 Nf6 4. d3 Bc5 5. 0-0 Nd4 6. Bc4 Nxf3+ 7. Qxf3 0-0 8. Qg3 d6 9. Bg5 Kh8 10. Nc3 c6 11. Bb3 a5 12. Kh1 h6 13. Bxf6 Qxf6 14. f4 exf4 15. Rxf4 Qe7 16. Raf1 f6 17. Qg6 Be3 18. R4f3 Bg5 19. a4 Bd7 20. Ne2 Qe8 21. Qxe8 Raxe8 22. Nd4 g6 23. h3 Kg7 24. c3 h5 1/2-1/2

[Event "Novi Sad TS Mix 227th"]
[Site "Novi Sad"]
[Date "2021.12.01"]
[Round "2"]
[White "Zhukov, Anton"]
[Black "Harshita, Guddanti"]
[Result "1/2-1/2"]
[WhiteElo "2249"]
[BlackElo "2172"]
[PlyCount "38"]
[EventDate "2021.11.30"]
[EventType "swiss"]
[EventRounds "9"]
[EventCountry "SRB"]
[SourceTitle "EXT 2023"]
[Source "ChessBase"]
[SourceDate "2022.10.05"]
[SourceVersion "1"]
[SourceVersionDate "2022.10.05"]
[SourceQuality "1"]

1. Nf3 Nf6 2. c4 e6 3. d4 Bb4+ 4. Nbd2 b6 5. e3 Bb7 6. Bd3 Ne4 7. 0-0 f5 8. a3 Be7 9. Qc2 Nxd2 10. Nxd2 0-0 11. e4 g6 12. b3 Bf6 13. Bb2 Bg7 14. Rfe1 Nc6 15. e5 d6 16. Nf3 dxe5 17. dxe5 Qe7 18. Rad1 Nb8 19. Qe2 a5 1/2-1/2

[Event "Arandjelovac ASK Mix-3"]
[Site "Arandjelovac"]
[Date "2021.11.03"]
[Round "5"]
[White "Isha, Sharma"]
[Black "Harshita, Guddanti"]
[Result "1/2-1/2"]
[WhiteElo "2191"]
[BlackElo "2180"]
[PlyCount "66"]
[EventDate "2021.10.31"]
[EventType "swiss"]
[EventRounds "10"]
[EventCountry "SRB"]
[SourceTitle "CBM 205 Extra"]
[Source "ChessBase"]
[SourceDate "2022.01.31"]
[SourceVersion "1"]
[SourceVersionDate "2022.01.31"]
[SourceQuality "1"]

1. e4 c5 2. Nf3 d6 3. Bb5+ Nd7 4. d4 Ngf6 5. e5 cxd4 6. exf6 Qa5+ 7. Nbd2 Qxb5 8. fxe7 Bxe7 9. Nxd4 Qd5 10. N2f3 Ne5 11. h3 Qe4+ 12. Qe2 Nxf3+ 13. Nxf3 Qxe2+ 14. Kxe2 b6 15. Bf4 Bf6 16. c3 0-0 17. Rhe1 Ba6+ 18. Kd2 Rfd8 19. Rad1 Bb7 20. Re3 Bxf3 21. Rxf3 d5 22. Rd3 d4 23. Kc2 Rdc8 24. Bd2 Kf8 25. Kb3 dxc3 26. Bxc3 Bxc3 27. bxc3 Rc5 28. Rd7 Rac8 29. R1d3 R8c7 30. Rd8+ Ke7 31. R8d4 Rb5+ 32. Kc2 Re5 33. Kd2 g6 1/2-1/2

[Event "Arandjelovac ASK Mix-3"]
[Site "Arandjelovac"]
[Date "2021.11.01"]
[Round "2"]
[White "Cabrilo, Goran"]
[Black "Harshita, Guddanti"]
[Result "1/2-1/2"]
[WhiteElo "2370"]
[BlackElo "2180"]
[PlyCount "36"]
[EventDate "2021.10.31"]
[EventType "swiss"]
[EventRounds "10"]
[EventCountry "SRB"]
[SourceTitle "CBM 205 Extra"]
[Source "ChessBase"]
[SourceDate "2022.01.31"]
[SourceVersion "1"]
[SourceVersionDate "2022.01.31"]
[SourceQuality "1"]

1. e4 c5 2. d3 g6 3. g3 Bg7 4. Bg2 Nc6 5. f4 e6 6. Nf3 Nge7 7. 0-0 0-0 8. c3 d5 9. e5 f6 10. exf6 Bxf6 11. Re1 Nf5 12. Nbd2 Qc7 13. Nf1 Bd7 14. Ne3 Nxe3 15. Bxe3 b5 16. d4 Na5 17. Bf2 Nc4 18. Rb1 Rad8 1/2-1/2

[Event "Arandjelovac ASK-2 GM"]
[Site "Arandjelovac"]
[Date "2021.10.25"]
[Round "4"]
[White "Harshita, Guddanti"]
[Black "Bhambure, Shantanu"]
[Result "1/2-1/2"]
[WhiteElo "2180"]
[BlackElo "2405"]
[PlyCount "57"]
[EventDate "2021.10.23"]
[EventType "tourn"]
[EventRounds "9"]
[EventCountry "SRB"]
[EventCategory "6"]
[SourceTitle "CBM 205 Extra"]
[Source "ChessBase"]
[SourceDate "2022.01.31"]
[SourceVersion "1"]
[SourceVersionDate "2022.01.31"]
[SourceQuality "1"]

1. e4 c5 2. Nf3 d6 3. d4 cxd4 4. Nxd4 Nf6 5. Nc3 a6 6. h3 e5 7. Nde2 h5 8. Bg5 Be6 9. Bxf6 Qxf6 10. Nd5 Qd8 11. Nec3 g6 12. Bc4 Bg7 13. 0-0 0-0 14. Bb3 Nc6 15. Qd3 Nd4 16. f4 f5 17. Rae1 b5 18. Kh1 h4 19. a3 Nxb3 20. cxb3 Ra7 21. a4 bxa4 22. bxa4 a5 23. Rd1 Ra8 24. exf5 Bxf5 25. Qe2 exf4 26. Nxf4 Be5 27. Qc4+ Kh7 28. Nb5 Bc8 29. Nd5 1/2-1/2

[Event "Arandjelovac ASK-1 GM"]
[Site "Arandjelovac"]
[Date "2021.10.21"]
[Round "10"]
[White "Harshita, Guddanti"]
[Black "Raahul, VS."]
[Result "0-1"]
[WhiteElo "2180"]
[BlackElo "2344"]
[PlyCount "78"]
[EventDate "2021.10.15"]
[EventType "tourn"]
[EventRounds "11"]
[EventCountry "SRB"]
[EventCategory "6"]
[SourceTitle "EXT 2023"]
[Source "ChessBase"]
[SourceDate "2022.10.05"]
[SourceVersion "1"]
[SourceVersionDate "2022.10.05"]
[SourceQuality "1"]

1. e4 e5 2. Nf3 Nc6 3. Bb5 g6 4. 0-0 Bg7 5. c3 a6 6. Ba4 d6 7. d4 Bd7 8. Re1 h6 9. dxe5 dxe5 10. Nbd2 Nge7 11. Nf1 0-0 12. Ne3 b5 13. Bb3 Na5 14. Bc2 c5 15. a4 b4 16. Nd5 bxc3 17. bxc3 Be6 18. Ba3 Nxd5 19. exd5 Qxd5 20. Qxd5 Bxd5 21. Nxe5 Rfe8 22. f4 Rac8 23. Bd3 Re6 24. Rab1 Ba2 25. Rbc1 Bb3 26. Bb2 Rce8 27. Nf3 Rxe1+ 28. Rxe1 Rxe1+ 29. Nxe1 c4 30. Bc2 Nb7 31. Bxb3 cxb3 32. Nd3 Nd6 33. Ba1 Ne4 34. Nc1 Nxc3 35. a5 Kf8 36. Kf2 Ke7 37. Ke3 Kd6 38. Nd3 Kd5 39. Nf2 Kc5 0-1

[Event "Arandjelovac ASK-1 GM"]
[Site "Arandjelovac"]
[Date "2021.10.16"]
[Round "2"]
[White "Nitin, Senthilvel"]
[Black "Harshita, Guddanti"]
[Result "1-0"]
[WhiteElo "2381"]
[BlackElo "2180"]
[PlyCount "87"]
[EventDate "2021.10.15"]
[EventType "tourn"]
[EventRounds "11"]
[EventCountry "SRB"]
[EventCategory "6"]
[SourceTitle "EXT 2023"]
[Source "ChessBase"]
[SourceDate "2022.10.05"]
[SourceVersion "1"]
[SourceVersionDate "2022.10.05"]
[SourceQuality "1"]

1. Nf3 Nf6 2. g3 d5 3. Bg2 c6 4. 0-0 Bg4 5. h3 Bh5 6. d3 Nbd7 7. Qe1 e5 8. e4 dxe4 9. dxe4 Bd6 10. Nh4 Bg6 11. Nd2 0-0 12. Nc4 Bc7 13. Bd2 a5 14. a4 Nc5 15. Nxg6 hxg6 16. Bc3 Nfd7 17. b3 b6 18. h4 Qe7 19. Bb2 Rfd8 20. Qe2 Nf6 21. Rfd1 Rdb8 22. Qe1 Qe6 23. Ba3 Nb7 24. Qe2 b5 25. axb5 cxb5 26. Ne3 b4 27. Bb2 Nc5 28. Nd5 Nxd5 29. exd5 Qd6 30. Re1 Nd7 31. Qc4 Rc8 32. Qc6 Ra6 33. Qc4 Raa8 34. Re2 Bb6 35. Qd3 f5 36. Kh1 e4 37. Qd2 Rc5 38. Rd1 Rac8 39. h5 e3 40. Qxe3 Rxc2 41. Rxc2 Rxc2 42. Qe6+ Qxe6 43. dxe6 Rxb2 44. exd7 1-0

[Event "Arandjelovac ASK-1 GM"]
[Site "Arandjelovac"]
[Date "2021.10.15"]
[Round "1"]
[White "Harshita, Guddanti"]
[Black "Iniyan, Panneerseluam"]
[Result "0-1"]
[WhiteElo "2180"]
[BlackElo "2529"]
[PlyCount "90"]
[EventDate "2021.10.15"]
[EventType "tourn"]
[EventRounds "11"]
[EventCountry "SRB"]
[EventCategory "6"]
[SourceTitle "EXT 2023"]
[Source "ChessBase"]
[SourceDate "2022.10.05"]
[SourceVersion "1"]
[SourceVersionDate "2022.10.05"]
[SourceQuality "1"]

1. e4 c5 2. Nf3 d6 3. d4 cxd4 4. Nxd4 Nf6 5. Nc3 a6 6. Be2 e5 7. Nb3 Be7 8. Be3 Be6 9. Nd5 Nbd7 10. Qd3 0-0 11. 0-0 Bxd5 12. exd5 Ne8 13. f4 Rc8 14. c4 g6 15. f5 Bg5 16. Rac1 Ng7 17. Bg4 e4 18. Qd2 Bxe3+ 19. Qxe3 Ne5 20. Qxe4 Qh4 21. Rf4 Rce8 22. g3 Qh6 23. Qc2 Nxg4 24. Rxg4 Qe3+ 25. Qf2 Nxf5 26. Qxe3 Rxe3 27. Nd4 Nxd4 28. Rxd4 Re2 29. b4 b6 30. c5 bxc5 31. bxc5 dxc5 32. Rxc5 Rb8 33. Rc1 Rbb2 34. Rcd1 Rg2+ 35. Kf1 Rxh2 36. Kg1 Rbg2+ 37. Kf1 Rxa2 38. Kg1 Rag2+ 39. Kf1 Rb2 40. Kg1 Rhg2+ 41. Kf1 Rxg3 42. d6 Rb8 43. d7 Rd8 44. Ra4 Rf3+ 45. Ke2 Rf6 0-1

[Event "Arandjelovac Mix"]
[Site "Arandjelovac"]
[Date "2021.10.04"]
[Round "3"]
[White "Popchev, Milko"]
[Black "Harshita, Guddanti"]
[Result "0-1"]
[WhiteElo "2222"]
[BlackElo "2180"]
[PlyCount "84"]
[EventDate "2021.10.02"]
[EventType "swiss"]
[EventRounds "10"]
[EventCountry "SRB"]
[SourceTitle "CBM 204 Extra"]
[Source "ChessBase"]
[SourceDate "2021.11.30"]
[SourceVersion "1"]
[SourceVersionDate "2021.11.30"]
[SourceQuality "1"]

1. Nf3 Nf6 2. g3 d5 3. Bg2 Bg4 4. 0-0 Nbd7 5. d3 c6 6. b3 e5 7. Bb2 Bd6 8. c4 0-0 9. Qc2 Re8 10. Nbd2 Qe7 11. e4 dxe4 12. dxe4 a5 13. a3 Red8 14. Rfe1 Bc7 15. h3 Bh5 16. Nh2 Nc5 17. Ndf3 Bg6 18. Nh4 Nd3 19. Re2 Bb6 20. Bc3 Rd7 21. Ng4 Nxg4 22. hxg4 Rad8 23. Nf5 Qg5 24. Bf3 Bxf5 25. exf5 e4 26. Bxe4 Qxg4 27. Kf1 Qh3+ 28. Bg2 Qxf5 29. b4 axb4 30. axb4 Bd4 31. Bxd4 Rxd4 32. Kg1 Qg4 33. b5 h5 34. bxc6 bxc6 35. Re3 h4 36. Rf1 Rxc4 37. Qe2 Qxe2 38. Rxe2 hxg3 39. fxg3 Kh7 40. Re7 f6 41. Rd1 Rc3 42. Kh2 Rc2 0-1

[Event "Arandjelovac Mix"]
[Site "Arandjelovac"]
[Date "2021.10.03"]
[Round "2"]
[White "Harshita, Guddanti"]
[Black "Sredojevic, Ivan"]
[Result "1-0"]
[WhiteElo "2180"]
[BlackElo "2298"]
[PlyCount "83"]
[EventDate "2021.10.02"]
[EventType "swiss"]
[EventRounds "10"]
[EventCountry "SRB"]
[SourceTitle "CBM 204 Extra"]
[Source "ChessBase"]
[SourceDate "2021.11.30"]
[SourceVersion "1"]
[SourceVersionDate "2021.11.30"]
[SourceQuality "1"]

1. e4 c5 2. Nf3 d6 3. d4 cxd4 4. Nxd4 Nf6 5. Nc3 a6 6. Bg5 e6 7. f4 Be7 8. Qf3 Qc7 9. 0-0-0 Nbd7 10. g4 b5 11. Bxf6 Nxf6 12. g5 Nd7 13. f5 Nc5 14. f6 gxf6 15. gxf6 Bf8 16. Rg1 Bb7 17. Bh3 b4 18. Nd5 exd5 19. exd5 Nd7 20. Nc6 Bxc6 21. dxc6 Ne5 22. Rge1 Bh6+ 23. Kb1 Kf8 24. Qh5 Bf4 25. Rd4 Qxc6 26. Rxf4 a5 27. Qh6+ Ke8 28. Qg7 Rf8 29. Bg2 Qa6 30. Bxa8 Qxa8 31. Rd4 Kd7 32. Red1 Rg8 33. Qxh7 Kc7 34. Rxd6 Rg1 35. Qh5 Qe4 36. Rxg1 Kxd6 37. Qd1+ Ke6 38. Qd8 Qe2 39. Qxa5 Nf3 40. Qb6+ Kf5 41. Rc1 Qe4 42. Qf2 1-0